| 000 | 02111nam0a2200325 i 4500 | ||
|---|---|---|---|
| 001 | RU\NLR\bibl\2013465 | ||
| 005 | 20240921184736.0 | ||
| 010 |
_a9785928208417 _9500 |
||
| 021 |
_aRU _b2013-12987 _9927 |
||
| 035 | _a(NLR Aleph) 002001928 | ||
| 090 |
_a4371430 _c4371430 |
||
| 100 | _a20130319d2012 k y0rusy50 ca | ||
| 101 | 0 | _arus | |
| 102 | _aRU | ||
| 105 | _aa ||||||||| | ||
| 200 | 1 |
_aНовые принципы конструирования П-образной рамы здания _e[для использования студентами, обучающимися по направлению 270800 "Строительство"] _fК.К. Нежданов, А.А. Кузьмишкин, А.К. Нежданов, П.В. Куничкин _gМ-во образования и науки Рос. Федерации, Федер. гос. бюджет. образоват. учреждение высш. проф. образования "Пензен. гос. ун-т архитектуры и стр-ва" |
|
| 210 |
_aПенза _cИзд-во ПГУАС _d2012 |
||
| 215 |
_a254 с. _cил. _d20 |
||
| 606 | 1 |
_aПромышленные здания _jУчебные издания для высших учебных заведений _xКонструкции рамные _xДипломное проектирование _92140778 _3RU\NLR\auth\661594848 |
|
| 606 | 1 |
_aПромышленные здания _jУчебные издания для высших учебных заведений _xКонструкции рамные _xКурсовое проектирование _92140783 _3RU\NLR\auth\661594851 |
|
| 686 | _aН72-04я73-5 | ||
| 701 | 1 |
_aНежданов _bК. К. _gКирилл Константинович _4070 |
|
| 701 | 1 |
_aКузьмишкин _bА. А. _gАлексей Александрович _4070 |
|
| 701 | 1 |
_aНежданов _bА. К. _gАлексей Кириллович _4070 |
|
| 701 | 1 |
_aКуничкин _bП. В. _gПавел Вячеславович _4070 |
|
| 801 | 0 |
_aRU _bNLR _c20130319 _gRCR |
|
| 801 | 1 |
_aRU _bNLR _c20130319 |
|
| 942 | _cBOOK | ||
| 980 | _aNBR | ||